000 00412nam a2200181Ia 4500
001 3423
005 20260306145642.0
008 260306t1969||||xx |||||||||||||| ||spa||
041 _aESP
082 _a276
_bP59
100 _aPinay, Maurice
_eAUT
245 0 _aComplot contra la iglesia
260 _c1969
300 _a697 páginas :
_c21 cm.
650 _aGEN
654 _aCHU
942 _cLIB
_dJUS
_fJUS
_2ddc
_n
999 _c3423
_d3423